Největší boj Muhammada Aliho : Cassius Clay versus Spojené státy americké /

Hlavní autor: Bingham, Howard L., 1939-2016
Další autoři: Ali, Muhammad, 1942-2016, Wallace, Max
Jazyk: Čeština
Vydáno: Praha : BB art, 2002
Vydání: 1. vyd. v českém jazyce
Témata:
Fyzický popis: 259 s., [16] s. obr. příl. : il. ; 21 cm
Knihy
Uloženo v:
LEADER 01906nam a2200481 a 4500
001 000599852
003 CZ BrMZK
005 20090610141938.0
007 ta
008 020513s2002 xr e f bcze d
020 |a 80-7257-673-9 
040 |a BOA001  |c ze  |d BOA001 
041 1 |a cze  |h eng 
043 |a n-us--- 
045 |a x6x7 
072 7 |a 796  |x Sport. Hry. Tělesná cvičení  |2 Konspekt  |9 20 
072 7 |a 929  |x Biografie  |2 Konspekt  |9 8 
080 |a 929  |2 MRF 
080 |a 796.83.071  |2 MRF 
080 |a 355.016  |2 MRF 
080 |a 94(597)"1961/1975"  |2 MRF 
080 |a 32-026.12  |2 MRF 
080 |a (73)  |2 MRF 
080 |a (0:82-96)  |2 MRF 
100 1 |a Bingham, Howard L.,  |d 1939-2016  |7 xx0000519  |4 aut 
245 1 0 |a Největší boj Muhammada Aliho :  |b Cassius Clay versus Spojené státy americké /  |c Howard L. Bingham a Max Wallace ; [z anglického originálu] přeložil Jiří Sedláček 
250 |a 1. vyd. v českém jazyce 
260 |a Praha :  |b BB art,  |c 2002 
300 |a 259 s., [16] s. obr. příl. :  |b il. ;  |c 21 cm 
500 |a Přeloženo z angličtiny 
504 |a Obsahuje rejstřík 
600 0 7 |a Muhammad Ali,  |d 1942-  |7 jn19981001869  |2 czenas 
650 0 7 |a boxeři  |7 ph118971  |z Spojené státy americké  |y 20.-21. stol.  |2 czenas 
650 0 7 |a odpírání vojenské služby  |7 ph162021  |z Spojené státy americké  |2 czenas 
650 0 7 |a vietnamská válka, 1961-1975  |7 ph127100  |z Spojené státy americké  |2 czenas 
650 0 7 |a politická činnost  |7 ph138036  |2 czenas 
655 7 |a literatura faktu  |7 fd132773  |2 czenas 
700 1 |a Ali, Muhammad,  |d 1942-2016  |7 jn19981001869  |4 aut 
700 1 |a Wallace, Max  |7 xx0000520  |4 aut 
765 0 |t Muhammad Ali's Greatest Fight, Cassius Clay vs. the United States of America  |9 Česky 
910 |a BOA001  |b 2-1101.485 
990 |a BK 
996 6 |b 2610160844  |c 2-1101.485  |l MZK  |r Sklad / do 1 hodiny  |n 0  |p p.v.  |w 000599852  |u 000010  |a 1  |e BOA001  |j MZK50  |s P